000 02831cam a22005054i 4500
003 PE-LiUPU
005 20250731183414.0
008 181228s2018 au r 001 0 eng d
020 _a3700179553
_q(volumen 1)
020 _a9783700179559
_q(volumen 1)
020 _a3700179553
_q(volumen 2)
020 _a9783700179559
_q(volumen 2)
035 _a(Sirsi) a251226
040 _aPE-LiUPU
_bspa
_cPE-LiUPU
_erda
049 _aPRUA
082 0 4 _a738.3093937
_bM69
_223
100 1 _aMountjoy, Penelope A.,
_eautor.
245 1 0 _aDecorated pottery in Cyprus and Philistia in the 12th century BC :
_bCypriot IIIC and Philistine IIIC /
_cP.A. Mountjoy.
264 1 _aVienna :
_bVerlag der Österreichischen Akademie der Wissenschaften,
_c[2018].
300 _a2 volúmenes ;
_c31 centímetros.
336 _atext
_2rdacontent
337 _aunmediated
_2rdamedia
338 _avolume
_2rdacarrier
490 0 _aContributions to the chronology of the Eastern Mediterranean ;
_vvolume XXXVI
490 0 _aÖsterreichische Akademie der Wissenschaften. Denkschriften der Gesamtakademie ;
_vBand LXXIX
504 _aBibliografía: páginas 1273-1287.
505 0 _aVolumen I -- Cyprus -- The Levanto-Helladic shapes -- The simple style -- The rude or pastoral style -- Towards a pan-island bowl typology -- Enkomi -- Sinda -- Athienou: Bamboulari tis Koukkouninnas -- Idalion -- Pyla: Kokkinokremos -- Pyla: Verghi -- Kition.
505 0 _aVolumen II --Ha la Sultan Tekke -- Kalavasos: Ay.Dhimitrios -- Alassa: Pano Mandilaris -- Kourion: Bamboula --Kourion: Kaloriziki -- Kouklia: Palaepaphos -- Maa: Palaeokastro -- Apliki: Karamallos -- Toumba tou Skourou -- Myrtou: Pigadhes -- Supplementary examples of ceramic types from other locations -- Local types -- Enkomi : local and Aegean-style types -- Other sites : local and Aegean-style types -- Ekron (Tel Miqne) -- Ashdod -- Ashkelon -- Bethshean : the late Cypriot IIIC imports -- Cyprus and Philistia.
526 _aP158
526 _aP146
526 _aP17
526 _aP12
526 _aP06
650 0 _aEdad de hierro
_zPalestina.
650 0 _aEdad del hierro
_zChipre.
650 0 _aLa alfarería, chipriota.
650 0 _aLa alfarería, el filisteo.
910 _adbm
_brri
_crri
_d20181228
942 _2ddc
_cBOOK
994 _aC0
_bPEPRU
596 _a1
999 _a738.3093937 M69 Z1
_wDEWEY
_c30652
_i79399
_f2021-11-11
_g4
_lCCODEBUL1
_mBUL
_p174.00
_r0
_sY
_tBOOK
_u2018-12-28
_xTEOLOGIA
_PP85
_0COMPRA
_1FCOMPR2
_o.STAFF. Colección Teología
_d30652
999 _a738.3093937 M69 Z2
_wDEWEY
_c1
_i79400
_f2021-11-11
_g4
_lCCODEBUL1
_mBUL
_p174.00
_r0
_sY
_tBOOK
_u2018-12-28
_xTEOLOGIA
_PP85
_0COMPRA
_1FCOMPR2
_o.STAFF. Colección Teología
980 _81
_gALBERTO SANCHEZ Responsable de Automatización